000 00221nam a2200097Ia 4500
008 190216s9999||||xx |||||||||||||| ||und||
100 _aBell E T
245 0 _aMen Of Mathe Matics Ii
260 _bPenguin Books
942 _cBK
999 _c30405
_d30405